000 00742nam a22002297a 4500
005 20170124110224.0
010 _aB-163659
020 _c395.00
_a9788125916659
035 _aB-163659
037 _bCen Lib/Ret
040 _aDPL
_bEN
082 _a351.16
_bSUB
100 _aSubrahmanyam BVR
_940467
245 _aConduct in government :
_cby BVR Subrahmanyam
_ba handbook on CCS (conduct) rules /
260 _aNew Delhi
_bVikas Publishing House
_c2005
270 _bNew Delhi
_a576, Masjid road, Jangpura
_e110014
300 _axiv,202p.
_c21cm(pbk)
500 _aIncludes glossary
650 _aPublic administration
_vHand book
_940468
650 _aGovernement rules
_940469
942 _2ddc
_cEN
_h351.016
_mSUB
999 _c134338
_d134338